[Event "World ol U16"]
[Site "Eindhoven"]
[Date "2023.08.17"]
[Round "8.28"]
[White "Kigundu, Ethan"]
[Black "Zaccaria, Noa"]
[Result "0-1"]
[WhiteElo "1632"]
[BlackElo "1690"]
[PlyCount "88"]
[EventDate "2023.08.13"]
[EventType "team-swiss"]
[EventRounds "9"]
[EventCountry "NED"]
[SourceTitle "CBM 215 Extra"]
[Source "ChessBase"]
[SourceDate "2023.09.30"]
[SourceVersion "1"]
[SourceVersionDate "2023.09.30"]
[SourceQuality "1"]
[WhiteTeam "Uganda II"]
[BlackTeam "Luxembourg"]
[WhiteTeamCountry "UGA"]
[BlackTeamCountry "LUX"]

1. d4 d5 2. Bf4 c5 3. e3 cxd4 4. exd4 Nc6 5. c3 Bf5 6. Nf3 e6 7. Nbd2 Nf6 8. Be2 Bd6 9. Bg3 0-0 10. Nh4 Bg6 11. Nxg6 hxg6 12. Nf3 Rb8 13. Ne5 Qc7 14. f4 b5 15. a3 a5 16. 0-0 b4 17. cxb4 axb4 18. Rc1 Bxe5 19. dxe5 Ne4 20. Bf2 Qb7 21. Bf3 Nxf2 22. Rxf2 bxa3 23. bxa3 Ra8 24. Rfc2 Qa7+ 25. Kh1 Na5 26. Rc3 Nc4 27. Rxc4 dxc4 28. Bxa8 Rxa8 29. Rc3 Qc5 30. Qc1 Rc8 31. h3 f6 32. exf6 gxf6 33. Qe3 Qxe3 34. Rxe3 c3 35. Re1 Kf7 36. Rc1 Ke7 37. Kg1 Kd6 38. Kf2 Kd5 39. Ke3 Kc4 40. g4 Rd8 41. h4 Kb3 42. a4 Kb2 43. Re1 c2 44. Re2 Kb1 0-1